Všetko o Skype aké je telefonovanie cez internet zadarmo?

Bibliographic Details
Main Author: Orgonáš, Jozef (Author)
Format: Article
Language:Slovak
PhysicalDescription:Obr., tab
ISSN:1336-5754
Subjects:

MARC

LEADER 00000nab a2200000 ar4500
001 vtls008427115
003 SK-MaSNL
005 20260303065947.0
008 060131c2005 xo mr|p|||||||000 b|slo
015 |a SNBRB2006/01  |2 snkbucl 
038 |a SNKBUCL 
040 |a SNKBUCL  |b slo  |c SNKBUCL  |e AACR2 
041 0 |a slo 
044 |a xo  |c SK 
080 |a 004.42Skype  |2 1997 
080 |a 004.9:621.395  |2 1997 
080 |a 621.395:004.738.5  |2 1997 
080 |a 004.72.057.4:621.395  |2 1997 
080 |a 004.738.5:621.395  |2 1997 
100 1 |a Orgonáš, Jozef  |4 aut  |9 197663 
245 1 0 |a Všetko o Skype  |b aké je telefonovanie cez internet zadarmo?  |c Jozef Orgonáš 
300 |b Obr., tab 
630 0 7 |a Skype  |2 snkbucl  |9 1066719 
650 0 7 |a internetová telefónia  |2 snkbucl  |9 71230 
650 0 7 |a telefónny softvér  |2 snkbucl  |9 247387 
773 0 |t DiGi revue  |g Roč. 1, č. 9 (2005), s. 24-27  |x 1336-5754 
852 |a SNK  |b KIS3GCP 
999 |c 1753427  |d 1755357